pays avec 0 victoire en CDM de football (Mode extrême sans indice) - Statistiques

Statistiques générales
  • Ce quiz a été pris 586 fois
    407 depuis la dernière actualisation
  • Le résultat moyen est 7 sur 20
Statistiques - réponses
pays % Correct
Qatar
61%
Panama
54%
Chine
50%
Canada
44%
Islande
43%
Nouvelle-Zélande
43%
Honduras
40%
Irak
37%
Bolivie
33%
Israel
29%
Koweit
28%
Togo
28%
indonesie
27%
Trinité-et-Tobago
27%
Angola
25%
Egypte
25%
Haiti
24%
Salvador
23%
Zaire
19%
E.A.U.
17%
Aucun quiz correspondant
Distribution des résultats
% des personnes avec chaque résultat
Percentile par nombre de réponses
Votre historique - résultats
Vous n’avez pas pris ce quiz depuis la dernière actualisation